[Event "Malahide Millennium Senior 2024"]
[Site "Dublin IRL"]
[Date "2024.05.06"]
[Round "5.6"]
[White "Guinan, Cian"]
[Black "Singpurwala, Kevin"]
[Result "0-1"]
[WhiteElo "1881"]
[BlackElo "1924"]
[WhiteICU "1711"]
[BlackICU "1811"]
[WhiteClub "Ballinasloe"]
[BlackClub "Dublin"]
[WhiteNationality "IRL"]
[BlackNationality "IRL"]
[WhiteFideId "2505681"]
[BlackFideId "2508583"]
[PlyCount "54"]
[FIDETournamentId "367381"]
[ChessResultsKey "934635"]
[Venue "Radisson Blu Hotel, Dublin Airport"]
[EventDate "2024.05.04"]

{ Event information: <a
href="https://www.irlchess.com/malahide2024_allfiles/pairings_malahide2024.html">Tournament
report</a>. }

1. e4 c5 2. Nc3 e6 3. f4 a6 4. Qe2 Nc6 5. Nf3 Nd4 6. Nxd4 cxd4 7. Nd1 d5 8.
d3 b5 9. g3 Bb7 10. Bg2 Rc8 11. O-O Nf6 12. e5 Ng8 13. f5 exf5 14. Rxf5 Ne7
15. Bg5 Qb6 16. Rf1 Qg6 17. Bf4 Qc6 18. Rc1 Ng6 19. Nf2 Be7 20. Ng4 O-O 21.
h4 Nxf4 22. gxf4 Bxh4 23. f5 Bg5 24. Rf3 Bxc1 25. f6 Qc5 26. Qe1 Qxc2 27.
Qd2 Qxd2 0-1

[Event "Malahide Millennium Senior 2024"]
[Site "Dublin IRL"]
[Date "2024.05.06"]
[Round "5.7"]
[White "Hogan, Pat"]
[Black "Busig, Xavier Xerxes"]
[Result "0-1"]
[WhiteElo "1959"]
[BlackElo "1974"]
[WhiteICU "1827"]
[BlackICU "1960"]
[WhiteClub "Balbriggan"]
[WhiteNationality "IRL"]
[BlackNationality "PHI"]
[WhiteFideId "2504839"]
[BlackFideId "5206197"]
[PlyCount "67"]
[FIDETournamentId "367381"]
[ChessResultsKey "934635"]
[Venue "Radisson Blu Hotel, Dublin Airport"]
[EventDate "2024.05.04"]

{ Event information: <a
href="https://www.irlchess.com/malahide2024_allfiles/pairings_malahide2024.html">Tournament
report</a>. }

1. d4 Nf6 2. Bf4 g6 3. Nc3 c6 4. Qd2 h5 5. e4 d6 6. h3 Nbd7 7. e5 Nd5 8.
Nxd5 cxd5 9. exd6 e6 10. Nf3 Qb6 11. c3 Bxd6 12. Bxd6 Qxd6 13. Bd3 Nf8 14.
Ne5 Bd7 15. O-O Rg8 16. Qh6 Qe7 17. Qe3 f6 18. Nxd7 Qxd7 19. f4 Kf7 20.
Rae1 Rg7 21. Qf3 Kg8 22. Re2 Re7 23. Rfe1 Rae8 24. Kh1 Kg7 25. Re3 f5 26.
Qe2 a6 27. Bxf5 gxf5 28. Qxh5 Nh7 29. Rg3+ Kh8 30. Rg6 Rg7 31. Rxg7 Kxg7
32. Re3 Rg8 33. Rg3+ Kh8 34. Rg6 0-1

[Event "Malahide Millennium Senior 2024"]
[Site "Dublin IRL"]
[Date "2024.05.06"]
[Round "5.8"]
[White "Kavanagh, James"]
[Black "Goss, Alex"]
[Result "1-0"]
[WhiteElo "1878"]
[BlackElo "1914"]
[WhiteICU "1807"]
[BlackICU "1787"]
[WhiteClub "Malahide"]
[BlackClub "Gonzaga"]
[WhiteNationality "IRL"]
[BlackNationality "IRL"]
[WhiteFideId "2510006"]
[BlackFideId "2509407"]
[PlyCount "59"]
[FIDETournamentId "367381"]
[ChessResultsKey "934635"]
[Venue "Radisson Blu Hotel, Dublin Airport"]
[EventDate "2024.05.04"]

{ Event information: <a
href="https://www.irlchess.com/malahide2024_allfiles/pairings_malahide2024.html">Tournament
report</a>. }

1. e4 e6 2. d4 d5 3. Nd2 Nf6 4. e5 Nfd7 5. Bd3 c5 6. c3 Nc6 7. Ne2 Qb6 8.
Nf3 cxd4 9. cxd4 Bb4+ 10. Bd2 O-O 11. O-O f6 12. exf6 Nxf6 13. Bg5 Bd6 14.
Qb1 e5 15. dxe5 Nxe5 16. Nxe5 Bxe5 17. Bxf6 Rxf6 18. Nc3 Rh6 19. g3 Bh3 20.
Nxd5 Qa5 21. Rd1 Kh8 22. Bf5 Rf8 23. Bxh3 Rxh3 24. Qe4 Bxb2 25. Rab1 Ba3
26. Rxb7 Bc5 27. Qg4 Bxf2+ 28. Kg2 Bd4 29. Qxd4 Qxa2+ 30. Rd2 1-0

[Event "Malahide Millennium Senior 2024"]
[Site "Dublin IRL"]
[Date "2024.05.06"]
[Round "6.1"]
[White "Daly, Colm"]
[Black "Melaugh, Shane"]
[Result "1-0"]
[WhiteTitle "FM"]
[BlackTitle "CM"]
[WhiteElo "2181"]
[BlackElo "2102"]
[WhiteICU "2144"]
[BlackICU "2094"]
[WhiteClub "Bray/Greystones"]
[BlackClub "Elm Mount"]
[WhiteNationality "IRL"]
[BlackNationality "IRL"]
[WhiteFideId "2500434"]
[BlackFideId "2509580"]
[PlyCount "157"]
[FIDETournamentId "367381"]
[ChessResultsKey "934635"]
[Venue "Radisson Blu Hotel, Dublin Airport"]
[EventDate "2024.05.04"]

{ Event information: <a
href="https://www.irlchess.com/malahide2024_allfiles/pairings_malahide2024.html">Tournament
report</a>. }

1. d4 e6 2. c4 f5 3. g3 Nf6 4. Bg2 Be7 5. Nc3 O-O 6. Rb1 a5 7. a3 d5 8.
cxd5 exd5 9. Bf4 c6 10. Nf3 Ne4 11. Qc2 Bd6 12. e3 Qe7 13. h4 Nd7 14. Ne2
Rf6 15. Bg5 Nxg5 16. hxg5 Rf7 17. Nf4 Nf8 18. Bf1 Bd7 19. Bd3 g6 20. Kf1
Ne6 21. Nxe6 Bxe6 22. Kg2 Raf8 23. Rh4 Rg7 24. Qc3 Ra8 25. b4 Qc7 26. Ne5
axb4 27. axb4 Ra4 28. Bc2 Ra2 29. Qb3 Ra8 30. Nd3 b5 31. Qc3 Ra6 32. Rhh1
Qd8 33. f4 Rga7 34. Rhc1 Bd7 35. Kf2 Qe7 36. Bb3 Be8 37. Qb2 Ra3 38. Ne5
Bxe5 39. dxe5 R7a6 40. Qd4 Qa7 41. Qxa7 Rxa7 42. Ke2 Kg7 43. Kd2 h6 44.
gxh6+ Kxh6 45. Rh1+ Kg7 46. Kc3 Bf7 47. Kd4 R3a6 48. Rb2 Ra1 49. Rhb1 Kf8
50. Kc5 Be8 51. Rxa1 Rxa1 52. Kd6 Re1 53. Rh2 Kg7 54. Ra2 Rxe3 55. Ra7+ Kf8
56. Bd1 Rxg3 57. Ke6 Rd3 58. Kf6 c5 59. Rh7 Kg8 60. Rg7+ Kh8 61. Re7 Bc6
62. Rc7 Rxd1 63. Rxc6 cxb4 64. e6 Ra1 65. e7 Ra8 66. Rd6 Kh7 67. Rd8 Ra6+
68. Ke5 Ra1 69. e8=Q Re1+ 70. Kxd5 Rxe8 71. Rxe8 Kh6 72. Rh8+ Kg7 73. Rh3
Kf6 74. Kd4 b3 75. Kc3 b2 76. Kxb2 Ke6 77. Kc3 Kd5 78. Kd3 b4 79. Rh8 1-0

[Event "Malahide Millennium Senior 2024"]
[Site "Dublin IRL"]
[Date "2024.05.06"]
[Round "6.2"]
[White "Sarakauskas, Gediminas"]
[Black "Sidney, Will"]
[Result "1-0"]
[WhiteTitle "IM"]
[WhiteElo "2343"]
[BlackElo "1853"]
[BlackICU "1801"]
[BlackClub "Enniscorthy"]
[WhiteNationality "LTU"]
[BlackNationality "IRL"]
[WhiteFideId "12800724"]
[BlackFideId "2509539"]
[PlyCount "127"]
[FIDETournamentId "367381"]
[ChessResultsKey "934635"]
[Venue "Radisson Blu Hotel, Dublin Airport"]
[EventDate "2024.05.04"]

{ Event information: <a
href="https://www.irlchess.com/malahide2024_allfiles/pairings_malahide2024.html">Tournament
report</a>. }

1. e4 c5 2. Nf3 d6 3. Bc4 e6 4. O-O a6 5. Re1 Nc6 6. c3 Nf6 7. Bb3 Be7 8.
d4 cxd4 9. cxd4 O-O 10. Nc3 Re8 11. h3 b5 12. d5 Na5 13. dxe6 fxe6 14. e5
dxe5 15. Nxe5 Qxd1 16. Bxd1 Bb7 17. a4 b4 18. Ne2 Bc5 19. Nd3 Bd6 20. Bd2
Nc4 21. Bxb4 Bxb4 22. Nxb4 Nxb2 23. Bb3 a5 24. Reb1 axb4 25. Rxb2 Bd5 26.
Nf4 Bxb3 27. Rxb3 e5 28. Nd3 Nd5 29. Nxb4 Reb8 30. Rab1 Nf6 31. Nc6 Rxb3
32. Rxb3 Rxa4 33. Rb8+ Kf7 34. Rb7+ Kg8 35. Nxe5 h6 36. Ng6 Ra8 37. f4 Kh7
38. f5 h5 39. Nf4 Kh6 40. Ne6 Rg8 41. Rb6 h4 42. Kf2 g6 43. Nf4 gxf5 44.
Nd5 Ra8 45. Rxf6+ Kg5 46. Rf7 Ra2+ 47. Kf3 Ra3+ 48. Ne3 Kg6 49. Rxf5 Rxe3+
50. Kxe3 Kxf5 51. Kf3 Kg5 52. Ke4 Kg6 53. Kf4 Kh5 54. Kf5 Kh6 55. Kg4 Kg6
56. Kxh4 Kh6 57. g4 Kg6 58. g5 Kg7 59. Kh5 Kh7 60. g6+ Kg7 61. Kg5 Kg8 62.
Kh6 Kh8 63. g7+ Kg8 64. h4 1-0

[Event "Malahide Millennium Senior 2024"]
[Site "Dublin IRL"]
[Date "2024.05.06"]
[Round "6.3"]
[White "Singpurwala, Kevin"]
[Black "Collins, Adam"]
[Result "0-1"]
[BlackTitle "CM"]
[WhiteElo "1924"]
[BlackElo "2162"]
[WhiteICU "1811"]
[BlackICU "2148"]
[WhiteClub "Dublin"]
[BlackClub "Malahide"]
[WhiteNationality "IRL"]
[BlackNationality "IRL"]
[WhiteFideId "2508583"]
[BlackFideId "2512300"]
[PlyCount "116"]
[FIDETournamentId "367381"]
[ChessResultsKey "934635"]
[Venue "Radisson Blu Hotel, Dublin Airport"]
[EventDate "2024.05.04"]

{ Event information: <a
href="https://www.irlchess.com/malahide2024_allfiles/pairings_malahide2024.html">Tournament
report</a>. }

1. d4 d5 2. Nf3 Nf6 3. g3 Nbd7 4. Bg2 Nb6 5. O-O Bf5 6. Nbd2 h6 7. Ne5 e6
8. c4 c6 9. c5 Nbd7 10. Ndf3 Be7 11. Qa4 O-O 12. Bd2 Nxe5 13. Nxe5 Nd7 14.
Nxd7 Qxd7 15. Rac1 Rfe8 16. f3 Bf6 17. Bc3 e5 18. dxe5 Bxe5 19. e4 dxe4 20.
fxe4 Bg6 21. Qc4 Rad8 22. Qb3 Bxc3 23. Rxc3 Bxe4 24. Bxe4 Rxe4 25. Rcf3 Re7
26. R1f2 Qd5 27. Qxd5 Rxd5 28. Rc2 f6 29. Kf2 Kf7 30. Re3 Ree5 31. Rb3 Rd7
32. Rc4 Rf5+ 33. Ke3 Re7+ 34. Re4 Rfe5 35. Rxe5 Rxe5+ 36. Kd4 Re7 37. Ra3
a6 38. Rb3 f5 39. Rb6 g5 40. a4 f4 41. gxf4 gxf4 42. Rb3 Kf6 43. Rf3 Kf5
44. Rh3 Rd7+ 45. Kc4 Kg5 46. b4 h5 47. b5 axb5+ 48. axb5 cxb5+ 49. Kxb5 Kg4
50. Rb3 f3 51. Rb2 Kf4 52. Kb6 Ke3 53. Ka7 f2 54. Rb1 Kf3 55. Kb8 Kg2 56.
Kc8 Rd5 57. Rb2 Rxc5+ 58. Kxb7 Kg1 0-1

[Event "Malahide Millennium Senior 2024"]
[Site "Dublin IRL"]
[Date "2024.05.06"]
[Round "6.5"]
[White "Culbeaux Tello, Oscar Abraham"]
[Black "Putar, Leon"]
[Result "0-1"]
[WhiteTitle "FM"]
[WhiteElo "2035"]
[BlackElo "1939"]
[WhiteICU "1967"]
[BlackICU "1869"]
[WhiteClub "Ennis"]
[BlackClub "St. Benildus"]
[WhiteNationality "MEX"]
[BlackNationality "IRL"]
[WhiteFideId "5101530"]
[BlackFideId "14546612"]
[PlyCount "88"]
[FIDETournamentId "367381"]
[ChessResultsKey "934635"]
[Venue "Radisson Blu Hotel, Dublin Airport"]
[EventDate "2024.05.04"]

{ Event information: <a
href="https://www.irlchess.com/malahide2024_allfiles/pairings_malahide2024.html">Tournament
report</a>. }

1. e4 e6 2. d3 d5 3. Nd2 Nf6 4. g3 b6 5. Bg2 Bb7 6. e5 Nfd7 7. f4 c5 8.
Ngf3 Nc6 9. O-O Be7 10. Re1 Qc7 11. c3 Ba6 12. Nf1 O-O-O 13. a3 h5 14. h4
g6 15. b4 d4 16. b5 Bxb5 17. c4 Ba6 18. N1d2 b5 19. cxb5 Bxb5 20. Nc4 Nb6
21. Rb1 Bxc4 22. dxc4 Nxc4 23. Qa4 Nb6 24. Rxb6 axb6 25. Ng5 Kd7 26. Nxf7
Ra8 27. Qb3 Rhf8 28. Bh3 Nd8 29. Nxd8 Qxd8 30. Bb2 Rf5 31. Qb5+ Kc7 32. Bg2
Qe8 33. Qb3 Rd8 34. Qxe6 Bf8 35. Qb3 b5 36. Qf3 Rb8 37. Bxd4 $5 (37. Qe4
$10) 37... cxd4 38. Rc1+ Kd8 39. Rd1 $2 (39. Qb3 $1 $10) 39... Qd7 $19 40.
Bh3 Bc5 41. Bxf5 gxf5 42. Qxh5 Bxa3 43. e6 Qxe6 44. Rxd4+ Kc7 0-1

[Event "Malahide Millennium Senior 2024"]
[Site "Dublin IRL"]
[Date "2024.05.06"]
[Round "6.6"]
[White "Ivanov, Andrey"]
[Black "Busig, Xavier Xerxes"]
[Result "1-0"]
[WhiteElo "2001"]
[BlackElo "1974"]
[WhiteICU "1981"]
[BlackICU "1960"]
[WhiteClub "Malahide"]
[WhiteNationality "IRL"]
[BlackNationality "PHI"]
[WhiteFideId "2514311"]
[BlackFideId "5206197"]
[PlyCount "117"]
[FIDETournamentId "367381"]
[ChessResultsKey "934635"]
[Venue "Radisson Blu Hotel, Dublin Airport"]
[EventDate "2024.05.04"]

{ Event information: <a
href="https://www.irlchess.com/malahide2024_allfiles/pairings_malahide2024.html">Tournament
report</a>. }

1. e4 c6 2. Nc3 d5 3. Nf3 Bg4 4. h3 Bh5 5. Be2 e6 6. exd5 cxd5 7. O-O Nc6
8. d4 Nf6 9. Bf4 Bd6 10. Bxd6 Qxd6 11. Nb5 Qb8 12. c4 a6 13. cxd5 Nxd5 14.
Nc3 Nce7 15. Ne5 Bxe2 16. Qxe2 O-O 17. Nd7 Qa7 18. Nxf8 Rxf8 19. Rfd1 Rd8
20. Rac1 b5 21. Nxd5 Nxd5 22. Qc2 h6 23. Qc5 Qa8 24. Qc6 Qa7 25. a3 g5 26.
Qc2 a5 27. Qe4 b4 28. axb4 axb4 29. h4 Qe7 30. hxg5 hxg5 31. g3 Qf6 32. Kg2
Kg7 33. Rh1 Qg6 34. Qe5+ Qf6 35. Qe4 Qg6 36. Qg4 Nf6 37. Qe2 Rxd4 38. Rc4
Rxc4 39. Qxc4 Qe4+ 40. Qxe4 Nxe4 41. Rd1 Nf6 42. Rd4 Nd5 43. Kf3 f5 44. g4
f4 45. Ke2 Kf6 46. Kd3 Ke7 47. f3 Kd6 48. Ke4 Kc5 49. Ke5 Nc7 50. b3 Nd5
51. Rc4+ Kb5 52. Kxe6 Ne3 53. Re4 Kc5 54. Kf6 Nf1 55. Rc4+ Kb5 56. Rc2 Ne3
57. Rd2 Kc5 58. Kxg5 Nf1 59. Rc2+ 1-0

[Event "Malahide Millennium Senior 2024"]
[Site "Dublin IRL"]
[Date "2024.05.06"]
[Round "6.7"]
[White "Kavanagh, James"]
[Black "Guinan, Cian"]
[Result "1-0"]
[WhiteElo "1878"]
[BlackElo "1881"]
[WhiteICU "1807"]
[BlackICU "1711"]
[WhiteClub "Malahide"]
[BlackClub "Ballinasloe"]
[WhiteNationality "IRL"]
[BlackNationality "IRL"]
[WhiteFideId "2510006"]
[BlackFideId "2505681"]
[PlyCount "75"]
[FIDETournamentId "367381"]
[ChessResultsKey "934635"]
[Venue "Radisson Blu Hotel, Dublin Airport"]
[EventDate "2024.05.04"]

{ Event information: <a
href="https://www.irlchess.com/malahide2024_allfiles/pairings_malahide2024.html">Tournament
report</a>. }

1. e4 g6 2. d4 Bg7 3. Nc3 d6 4. Be3 Nd7 5. Qd2 c6 6. Nf3 Qc7 7. O-O-O e5 8.
h4 Ngf6 9. Bh6 O-O 10. Bxg7 Kxg7 11. d5 Nc5 12. dxc6 Ncxe4 13. Nxe4 Nxe4
14. Qe3 Nf6 15. cxb7 Bxb7 16. h5 Rac8 17. c3 Qa5 18. hxg6 Ng4 19. Rxh7+ Kg8
20. Qg5 Rxc3+ 21. Kb1 Be4+ 22. Bd3 Bxd3+ 23. Ka1 Bxg6 24. Rdh1 Rc1+ 25.
Qxc1 Bxh7 26. Qg5+ Bg6 27. Qxg4 Qd8 28. Nh4 Qf6 29. Nxg6 fxg6 30. Qh3 Qg7
31. Qe6+ Rf7 32. Qxd6 Rxf2 33. Rc1 Rf7 34. a3 g5 35. Qe6 Kh7 36. Rh1+ Kg8
37. Rh6 e4 38. Rg6 1-0

[Event "Malahide Millennium Senior 2024"]
[Site "Dublin IRL"]
[Date "2024.05.06"]
[Round "6.8"]
[White "Goss, Alex"]
[Black "Hogan, Pat"]
[Result "0-1"]
[WhiteElo "1914"]
[BlackElo "1959"]
[WhiteICU "1787"]
[BlackICU "1827"]
[WhiteClub "Gonzaga"]
[BlackClub "Balbriggan"]
[WhiteNationality "IRL"]
[BlackNationality "IRL"]
[WhiteFideId "2509407"]
[BlackFideId "2504839"]
[PlyCount "58"]
[FIDETournamentId "367381"]
[ChessResultsKey "934635"]
[Venue "Radisson Blu Hotel, Dublin Airport"]
[EventDate "2024.05.04"]

{ Event information: <a
href="https://www.irlchess.com/malahide2024_allfiles/pairings_malahide2024.html">Tournament
report</a>. }

1. e4 c5 2. Nf3 d6 3. Bb5+ Bd7 4. Qe2 Nc6 5. O-O Nf6 6. c3 a6 7. Bd3 e6 8.
Bc2 Be7 9. a3 O-O 10. d4 d5 11. e5 Ne8 12. Qd3 f5 13. exf6 Nxf6 14. Bg5 Ne4
15. Bxe7 Qxe7 16. Nbd2 Nf6 17. Ne5 cxd4 18. cxd4 g6 19. Rfe1 Nxe5 20. Rxe5
Ng4 21. Re2 Bb5 22. Qh3 Bxe2 23. f3 Ne3 24. Bb3 Nc4 25. Bxc4 Bxc4 26. Nxc4
dxc4 27. Re1 Rae8 28. d5 e5 29. Qg4 Rf4 0-1